000
00288nam a2200109Ia 4500
008
230907s9999||||xx |||||||||||||| ||und||
082
_a
300.72
_b
USI
245
0
_a
Using documents and records in social research /
260
_a
Sage,
_b
Los Angeles :
_c
2011
300
_a
4 v. :
942
_c
BK
999
_c
600747
_d
600747